01133nam a2200277Ia 450000500170000000800410001702000190005808200190007710000240009624500960012025000190021630000430023549000130027850502230029153400450051465000460055965000340060570000320063994200120067126400340068333600270071733700330074433800280077704000350080599900150084020220317001130.0160825s2009 sp a g 000 0 spa  a9788425509101204a796.3342bB78m1 aBruggmann, Bernhard10a1000 ejercicios y juegos de fútbolcBernhard Bruggmann ; traducido por Brigitte Burchartz a9a. edición  a192 páginas bilustraciones c23 cm  aHerakles aJuegos para el calentamiento y puesta en acción -- Minifútbol -- Juegos en sala -- Relevos -- Juegos y ejercicios para la mejora de las bases técnicas -- Formas jugadas para equipos igualados -- Juegos tácticos t1000 spielund übungsformen im fussball142LEMBaFútbol xEstrategias y técnicas142LEMBaFútbol xEnseñanza 1 aBurchartz, Briggitte911834 2ddccBK aMadridbHispano Europeac2009 atextobtxt2rdacontent asin mediaciónbn2rdamedia avolumenbnc2rdacarrier aCO-BoRNBPbspaerdacCO-BoRNBP c6020d6020